|
|
|
|
| LEADER |
00000nas a2200000 a 4500 |
| 001 |
ssj0066390 |
| 003 |
WaSeSS |
| 005 |
20200512172242.0 |
| 006 |
m d |
| 007 |
cr n |
| 008 |
090915c20069999np qr p s 0 0eng |
| 010 |
|
|
|a 2009345547
|
| 016 |
7 |
|
|a 101498921
|2 DNLM
|
| 022 |
|
|
|l 0973-8398
|y 0973-8398
|
| 025 |
|
|
|a I-D-E-2009-345547; 42
|
| 035 |
|
|
|a (WaSeSS)ssj0066390
|
| 040 |
|
|
|a DLC
|b eng
|c DLC
|d DLC
|d NLM
|d CUS
|d OCLCQ
|d OCLCF
|d OCLCO
|d RDF
|d OCLCO
|d OCLCQ
|d OCLCO
|d WaSeSS
|
| 042 |
|
|
|a pcc
|
| 050 |
1 |
4 |
|a RM301.4
|
| 060 |
0 |
0 |
|a W1
|b AS139JQ
|
| 245 |
0 |
0 |
|a Asian journal of pharmaceutics
|h [electronic resource].
|
| 260 |
|
|
|a Mumbai :
|b Medknow Publications & Media Pvt. Ltd.
|
| 310 |
|
|
|a Quarterly
|
| 362 |
1 |
|
|a Began in 2006.
|
| 506 |
|
|
|a License restrictions may limit access.
|
| 588 |
|
|
|a Description based on: Vol. 3, issue 1 (Jan./Mar. 2009); title from cover.
|
| 588 |
|
|
|a Latest issue consulted: Vol. 3, issue 1 (Jan./Mar. 2009).
|
| 650 |
|
0 |
|a Biopharmaceutics
|v Periodicals.
|
| 650 |
1 |
2 |
|a Biopharmaceutics.
|
| 650 |
|
7 |
|a Biopharmaceutics.
|2 fast
|0 (OCoLC)fst00832650
|
| 655 |
|
0 |
|a Electronic journals.
|
| 710 |
2 |
|
|a TIFAC CORE in Green Pharmacy.
|
| 856 |
4 |
0 |
|z Full text available from Research Library: 01/01/2008 to 12/31/2015
|u https://search.proquest.com/publication/226526
|
| 856 |
4 |
0 |
|z Full text available from Research Library: 01/01/2018 to present
|u https://search.proquest.com/publication/226526
|